| 000 | 00646nam a2200205 a 4500 | ||
|---|---|---|---|
| 001 | BRL_1565 | ||
| 005 | 20190320211250.0 | ||
| 008 | 110314s1996----mx-#######---#000-0#spa-# | ||
| 041 | _aspa | ||
| 044 | _amx | ||
| 050 | 4 |
_aQ180 _b.P746 1996 |
|
| 245 | 1 | 0 |
_aPremio Nacional de Ciencias y Arte 1996 _bartes y tradiciones nacionales |
| 260 |
_a[México _bSubsecretaría de Planeación y Coordenación de la Secretaría de Educación Pública _c1996] |
||
| 300 |
_a1 v. (sin paginación) _c18 cm. |
||
| 500 | _aAu1826 | ||
| 650 | 1 | 4 |
_aCiencia _xPremios _zMéxico _927299 |
| 650 | 1 | 4 |
_aArte _xPremios _zMéxico _927300 |
| 902 | _aGRL | ||
| 942 |
_2lcc _cB |
||
| 999 |
_c10374 _d10374 |
||